| Registos Bibliográficos associados ao registo de autoridade |
|
Etiqueta de registo: 00000nam 2200025 450 001 2285758 003 http://id.bnportugal.gov.pt/bib/catbnp/2285758 100 ## $a20260505d2026 k y0pory01030103ba 101 0# $apor$deng 102 ## $aPT 105 ## $aa m 000yy 106 ## $ar 200 1# $aPolíticas culturais para o multilinguismo na Comunidade de Países de Língua Portuguesa$fDaniel Escorel Alencar$gorient. Manuel Gama, Rosa Cabecinhas 210 #9 $a[S.l.$cs.n.],$d2026 215 ## $a320 p.$cil.$d30 cm 328 #1 $aTese dout. Estudos Culturais, Instituto de Ciências Sociais, Universidade do Minho,
2026 700 #1 $aAlencar,$bDaniel Escorel$31997682 702 #1 $aGama,$bManuel,$f1957-$4727$342397 702 #1 $aCabecinhas,$bRosa$4727$3165484 801 #0 $aPT$bBN$gRPC 966 ## $lBN$mFGMON$x1 971 ## $corlando$d20260505
|
|
|